|
|
|
|
| LEADER |
00000nam0a2200000 4500 |
| 001 |
328368 |
| 005 |
20250220123412.0 |
| 035 |
|
|
|a (RuTPU)RU\TPU\book\354068
|
| 090 |
|
|
|a 328368
|
| 100 |
|
|
|a 20170216d1973 km y0rusy50 ca
|
| 101 |
0 |
|
|a rus
|
| 102 |
|
|
|a RU
|
| 105 |
|
|
|a a z 001yy
|
| 181 |
|
0 |
|a i
|b e
|
| 182 |
|
0 |
|a n
|
| 183 |
|
0 |
|a nc
|2 RDAcarrier
|
| 200 |
1 |
|
|a Использование воды в народном хозяйстве
|f В. С. Замахаев, С. Л. Озиранский, Г. Г. Гангардт, Л. В. Минькович-Печерский
|
| 203 |
|
|
|a Текст
|b визуальный
|c непосредственный
|
| 210 |
|
|
|a Москва
|c Энергия
|d 1973
|
| 215 |
|
|
|a 105 с.
|c ил.
|
| 225 |
1 |
|
|a Библиотека гидротехника и гидроэнергетика
|v Вып. 35
|
| 283 |
|
|
|a volume
|2 RDAcarrier
|
| 316 |
|
|
|5 63413507: КР-7998
|a Владельческие пометы в тексте
|
| 317 |
|
|
|5 63413507: КР-7998
|a Поступил в НТБ в 2024 г. в дар от дочери ученого О. А. Назаровой
|
| 320 |
|
|
|a Список литературы: с. 105
|
| 330 |
|
|
|a В книге даются краткие сведения о водных ресурсах СССР, о многообразном использовании воды в промышленности, энергетике, сельском и рыбном хозяйстве, в транспорте. Рассматриваются виды вредного воздействия воды (наводнения, сели, эрозия почв, разрушение берегов водохранилищ, морей и др.), освещаются актуальные задачи по охране водных ресурсов страны от загрязнения и истощения. Книга предназначена для широкого круга читателей, интересующихся вопросами водного хозяйства.
|
| 606 |
1 |
|
|a Водные ресурсы
|x Использование
|x Экономическая эффективность
|2 stltpush
|3 (RuTPU)RU\TPU\subj\72452
|9 85963
|
| 610 |
1 |
|
|a вода
|
| 610 |
1 |
|
|a народное хозяйство
|
| 610 |
1 |
|
|a водопотребление
|
| 610 |
1 |
|
|a водопользование
|
| 610 |
1 |
|
|a окружающая среда
|
| 610 |
1 |
|
|a загрязнения
|
| 610 |
1 |
|
|a Водное право
|
| 610 |
1 |
|
|a наводнения
|
| 610 |
1 |
|
|a сели
|
| 610 |
1 |
|
|a водохранилища
|
| 610 |
1 |
|
|a моря
|
| 610 |
1 |
|
|a гидроэнергетика
|
| 610 |
1 |
|
|a охрана
|
| 610 |
1 |
|
|a Коллекция А. Д. Назарова
|
| 610 |
1 |
|
|a дары библиотеке
|
| 675 |
|
|
|a 626.81
|v 4
|
| 701 |
|
1 |
|a Замахаев
|b В. С.
|g Владислав Сергеевич
|
| 701 |
|
1 |
|a Озиранский
|b С. Л.
|g Семен Львович
|
| 701 |
|
1 |
|a Гангардт
|b Г. Г.
|g Георгий Георгиевич
|
| 701 |
|
1 |
|a Минькович-Печерский
|b Л. В.
|g Лев Владимирович
|
| 801 |
|
1 |
|a RU
|b 63413507
|c 20170216
|
| 801 |
|
2 |
|a RU
|b 63413507
|c 20170309
|g RCR
|
| 942 |
|
|
|c BK
|